000 00969nam a2200277 i 4500
005 20260505160730.0
008 260505s2025 my gr 000 0dmay d
020 _a9786299509332
_cRM35.00
_qpaperback
040 _aPPAK
_beng
_cPPAK
_erda
082 0 4 _223
_a297.3822
090 0 0 _a297.3822
_bNOO
_dG
100 0 _aNoor Hafiz,
_q(Mohd Noor Hafiz bin Halip),
_eauthor.
245 1 0 _aSAH KE [strikethrough] TAK SAH SOLAT? /
_cNOOR HAFIZ ; Editor: Irfan Ibrahim
264 1 _aPetaling Jaya, Selangor :
_bFaqih Group Sdn Bhd,
_c[2025?]
300 _aviii, 234 pages ;
_c23 cm
336 _atext
_2rdacontent
337 _aunmediated
_2rdamedia
338 _avolume
_2rdacarrier
500 _aContains quotes from the Hadith.
500 _aIncludes questions and answers.
650 1 0 _aPrayer
_xIslam.
650 2 0 _aSalat
_xMiscellanea.
650 2 0 _aIslam
_xCustoms and practices.
700 0 _aIrfan Ibrahim,
_eeditor.
942 _2ddc
_cB
999 _c204101
_d204101